Ville du Québec par habitants - Statistiques

Statistiques générales
  • Ce quiz a été pris 173 fois
  • Le résultat moyen est 25 sur 50
Statistiques - réponses
Population Ville % Correct
1 765 616 Montréal
100%
585 485 Québec
97%
437 413 Laval
89%
136 018 Trois-Rivières
80%
150 949 Saguenay
77%
284 373 Gatineau
76%
145 474 Lévis
73%
166 988 Sherbrooke
71%
246 899 Longueuil
70%
75 771 Drummondville
67%
49 197 Rimouski
67%
113 575 Terrebonne
62%
95 915 Saint-Jean-sur-Richelieu
59%
75 812 Saint-Jérôme
58%
45 610 Victoriaville
56%
67 286 Granby
55%
87 215 Brossard
54%
84 156 Repentigny
54%
42 180 Rouyn-Noranda
52%
54 912 Saint-Hyacinthe
52%
48 971 Shawinigan
51%
32 897 Val-d'Or
48%
57 739 Blainville
47%
25 475 Sept-Îles
47%
42 464 Boucherville
46%
26 614 Magog
44%
50 575 Mirabel
44%
31 085 Alma
43%
48 741 Châteauguay
43%
47 504 Mascouche
41%
35 037 Sorel-Tracy
41%
40 905 Salaberry-de-Valleyfield
40%
21 620 Varennes
39%
27 447 Boisbriand
38%
29 079 Chambly
38%
30 088 Sainte-Julie
37%
44 938 Saint-Eustache
36%
38 021 Vaudreuil-Dorion
36%
32 733 Saint-Georges
35%
22 178 Beloeil
34%
27 155 Saint-Bruno-de-Montarville
34%
26 847 Saint-Thérèse
34%
22 490 Saint-Lambert
31%
25 647 Thetford Mines
29%
24 948 La Prairie
27%
51 050 Dollard-Des-Ormeaux
23%
32 301 Pointe-Claire
23%
27 722 Saint-Constant
22%
22 419 L'Assomption
21%
34 066 Côte-Saint-Luc
20%
Aucun quiz correspondant
Distribution des résultats
% des personnes avec chaque résultat
Percentile par nombre de réponses
Votre historique - résultats
Vous n’avez pas pris ce quiz